• 首页
  • 本馆介绍
  • 公告通知
  • 最新文献
  • 馆藏检索
  • 电子资源
  • 读者导购
  • 参考咨询
  • 我的图书馆
  • 登录
  • 详细信息显示
  • 放入我的书架
  • 预约/预借图书
  • 作者相关作品
  • 分类相关作品
  • 丛书相关作品
  • 出版社相关作品

书目信息

  • 表格格式
  • 工作单格式
  • 卡片格式
题名:
学习心理学
    
 
作者: 冯忠良 著
分册:  
出版信息: 北京   教育科学出版社  1981
页数: 169页
开本: 19cm
丛书名: 教育科学丛书
单 册:
中图分类: G442 , B84
科图分类:
主题词: 学习心理学 , 心理学
电子资源:
ISBN:
000 00677nam2 2200277 45
001 1233177281
005 20120929091442.95
010    @dCNY0.42
091    @aCN@b7232.51
100    @a19950705d1981 em y0chiy0121 ea
101 0  @achi
102    @aCN@b110000
105    @ay z 000yy
200 10 @a学习心理学@Axue xi xin li xue@f冯忠良著
210    @a北京@c教育科学出版社@d1981
215    @a169页@d19cm
225 2  @a教育科学丛书
410  0 @120010@a教育科学丛书
606 0  @a学习心理学
606 0  @a心理学
690    @aG442@v3
690    @aB84@v4
701  0 @a冯忠良@Afeng zhong liang@4著
801  0 @aCN@bTSSF
801  2 @aCN@bNLC
905    @a10447@dB84@eJY81
    
    学习心理学/冯忠良著.-北京:教育科学出版社,1981
    169页;19cm.-(教育科学丛书)
    
    
    ISBN :CNY0.42
    
●
相关链接 在E读中查询图书 在五车中查询图书 在当当中查询图书 在豆瓣中查询图书


正题名:学习心理学     索取号:B84/JY81         预约/预借

序号 登录号 条形码 馆藏地/架位号 状态 备注
1 7830255   278302551   学院路分馆/ [索取号:B84/JY81] 在馆    
2 7830256   278302560   学院路分馆/ [索取号:B84/JY81] 在馆    
3 7830257   278302579   学院路分馆/ [索取号:B84/JY81] 在馆    
4 7830258   278302588   学院路分馆/ [索取号:B84/JY81] 在馆    
5 7830259   278302597   学院路分馆/ [索取号:B84/JY81] 在馆    
唐山师范学院图书馆 欢迎您!
大连网信软件有限公司© 版权所有